000 00893nam a22003017a 4500
003 CHAP
005 20220329134640.0
008 971013s1954 r 00010 d
010 _a23597
011 _a24569
035 _a28668
040 _cCHAP
082 _a630.24
_bD88Y
100 0 0 _aDutcher, Raymond Adams.
_934753
245 _aFundamentos de bioquímica agrícola
260 _aBarcelona :
_bSalvat,
_c1954
300 _a475 p.
590 _aBATCH-UPD
_b10
_c20130110
_lUCH01
_h0310
590 _aBATCH-UPD
_b10
_c20130110
_lUCH01
_h2045
590 _aBATCH-UPD
_b10
_c20130409
_lUCH01
_h2342
590 _aBATCH-UPD
_b10
_c20130914
_lUCH01
_h0643
590 _aCONVERSION
_b10
_c20130109
_lUCH01
_h1314
650 1 4 _aBioquímica.
_912849
650 1 4 _aQuímica agrícola.
_993576
901 _aBK
942 _cLIBRO
949 _a630.24 D88Y
_bBC
_cLIBRO
_d-65993
_eLIBRO
_h19346
_i28668
_si
999 _c23597
_d23597